| 000 | 01036pam a2200301 i 4500 | ||
|---|---|---|---|
| 001 | 2689810 | ||
| 003 | ARRUPE | ||
| 005 | 20150716142505.0 | ||
| 008 | 750805s1976 ohua b 001 0 eng | ||
| 010 | _a 75026517 | ||
| 020 |
_a0814202071 : _c$22.50 |
||
| 040 |
_aDLC _cDLC _dDLC |
||
| 050 | 0 | 0 |
_aQC173.59.S65 _bM68 |
| 082 | 0 | 0 | _a530/.09 |
| 100 |
_aMachamer, Peter K. _918221 |
||
| 245 | 0 | 0 |
_aMotion and time, space and matter : _binterrelations in the history of philosophy and science / _cedited by Peter K. Machamer and Robert G. Turnbull. |
| 260 |
_aColumbus : _bOhio State University Press, _cc1976. |
||
| 300 |
_a559 p. : _bill. ; _c24 cm. |
||
| 504 | _aIncludes bibliographical references and indexes. | ||
| 650 | 0 |
_aSpace and time. _92213 |
|
| 650 | 0 |
_aScience _xHistory. _918222 |
|
| 650 | 0 |
_aScience _xPhilosophy. _918223 |
|
| 650 | 0 |
_aMotion. _913658 |
|
| 700 | 1 |
_aMachamer, Peter K. _918224 |
|
| 700 | 1 |
_aTurnbull, Robert G. _918225 |
|
| 906 |
_a7 _bcbc _corignew _d1 _eocip _f19 _gy-gencatlg |
||
| 942 |
_2lcc _cMONOGRAPH |
||
| 999 |
_c122946 _d122946 |
||